LEADER 01369nam 2200337Ia 450 001 996395392103316 005 20200824125238.0 035 $a(CKB)4330000000320134 035 $a(EEBO)2240942254 035 $a(OCoLC)ocm24405051e 035 $a(OCoLC)24405051 035 $a(EXLCZ)994330000000320134 100 $a19910918d1583 uy | 101 0 $aeng 135 $aurbn||||a|bb| 200 10$aArticles to be enquired of within the dioces of London, in the visitation of the reuerend father in God, Iohn Bishop of London$b[electronic resource] $ein the xxv yeare of the raigne of our most gratious soueraigne Lady Elizabeth, by the grace of God Queene of England, Fraunce, and Ireland, defender of the fayth, &c., 1583 210 $aImprinted at London $cBy Thomas Purfoote$d1583 215 $a[23] p 300 $aSignatures: A-C?. 300 $aReproduction of original in the Harvard University. Library. 330 $aeebo-0062 606 $aVisitations, Ecclesiastical$zEngland 615 0$aVisitations, Ecclesiastical 701 $aAylmer$b John$f1521-1594.$01005478 801 0$bEBL 801 1$bEBL 801 2$bWaOLN 906 $aBOOK 912 $a996395392103316 996 $aArticles to be enquired of within the dioces of London, in the visitation of the reuerend father in God, Iohn Bishop of London$92311784 997 $aUNISA LEADER 02167nam 2200625 a 450 001 9910790289903321 005 20210222103346.0 010 $a1-280-12853-4 010 $a9786613532411 010 $a1-61249-162-6 035 $a(CKB)2670000000184604 035 $a(OCoLC)785870854 035 $a(CaPaEBR)ebrary10547139 035 $a(SSID)ssj0000649949 035 $a(PQKBManifestationID)11383244 035 $a(PQKBTitleCode)TC0000649949 035 $a(PQKBWorkID)10610650 035 $a(PQKB)11517126 035 $a(MiAaPQ)EBC3119196 035 $a(EXLCZ)992670000000184604 100 $a20150424d2012|||| s|| | 101 0 $aeng 181 $ctxt 182 $cc 183 $acr 200 10$aShofar Supplements in Jewish Studies : Unfinalized Moments : Essays in the Development of Contemporary Jewish American Narrative$b[electronic resource] 210 $aAshland, OH, USA$cPurdue University Press$d20120101 210 $cPurdue University Press 215 $a1 online resource (278 p.) 225 0 $aShofar supplements in Jewish studies Unfinalized moments 300 $aBibliographic Level Mode of Issuance: Monograph 311 $a1-55753-584-1 606 $aSOCIAL SCIENCE$2bisac 606 $aJewish Studies$2bisac 606 $aAmerican fiction$xHistory and criticism$xJewish authors$zUnited States 606 $aJews$xIntellectual life 606 $aJews in literature 606 $aEnglish$2HILCC 606 $aLanguages & Literatures$2HILCC 606 $aAmerican Literature$2HILCC 615 7$aSOCIAL SCIENCE 615 7$aJewish Studies 615 0$aAmerican fiction$xHistory and criticism$xJewish authors 615 0$aJews$xIntellectual life 615 0$aJews in literature 615 7$aEnglish 615 7$aLanguages & Literatures 615 7$aAmerican Literature 676 $a813/.54098924 700 $aRoyal$b Derek Parker$01514621 801 0$bPQKB 906 $aBOOK 912 $a9910790289903321 996 $aShofar Supplements in Jewish Studies : Unfinalized Moments : Essays in the Development of Contemporary Jewish American Narrative$93749901 997 $aUNINA LEADER 10649nam 2203445z- 450 001 9910557734503321 005 20210501 035 $a(CKB)5400000000045998 035 $a(oapen)https://directory.doabooks.org/handle/20.500.12854/69004 035 $a(oapen)doab69004 035 $a(EXLCZ)995400000000045998 100 $a20202105d2020 |y 0 101 0 $aeng 135 $aurmn|---annan 181 $ctxt$2rdacontent 182 $cc$2rdamedia 183 $acr$2rdacarrier 200 00$aSpecial Issue of the Manufacturing Engineering Society (MES) 210 $aBasel, Switzerland$cMDPI - Multidisciplinary Digital Publishing Institute$d2020 215 $a1 online resource (416 p.) 311 08$a3-03936-742-0 311 08$a3-03936-743-9 330 $aThis book derives from the Special Issue of the Manufacturing Engineering Society (MES) that was launched as a Special Issue of the journal Materials. The 48 contributions, published in this book, explore the evolution of traditional manufacturing models toward the new requirements of the Manufacturing Industry 4.0 and present cutting-edge advances in the field of Manufacturing Engineering focusing on additive manufacturing and 3D printing, advances and innovations in manufacturing processes, sustainable and green manufacturing, manufacturing systems (machines, equipment and tooling), metrology and quality in manufacturing, Industry 4.0, product lifecycle management (PLM) technologies, and production planning and risks. 517 $aSpecial Issue of the Manufacturing Engineering Society 606 $aHistory of engineering and technology$2bicssc 610 $a3D printing 610 $aAA7075 610 $aaccident analysis 610 $aacrylonitrile butadiene styrene (ABS) 610 $aadditive manufacturing 610 $aadditive manufacturing and 3D printing 610 $aadhesion 610 $aadvances and innovations in manufacturing processes 610 $aaircrat engine repair and overhaul (MRO) 610 $aaluminum 610 $aANOVA 610 $aArbitrary Lagrangean-Eulerian Method 610 $aarduino 610 $aargon 610 $aatlas 610 $aautomotive industry 610 $abasalt fiber reinforced plastic (BFRP) 610 $abiocompatible 610 $abioink 610 $abioprinting 610 $abow-tie analysis 610 $abrain 610 $acancer treatment 610 $aCanny algorithm 610 $acarbon fiber reinforced plastics 610 $acarbon fiber reinforced polymer 610 $acase-based reasoning (CBR) 610 $acell culture 610 $aCFRP 610 $achip geometry 610 $acold metal transfer 610 $acollaborative and integrated product-process development 610 $aCompression-After-Impact strength 610 $aCompression-After-Impact testing 610 $acomputed tomography 610 $aconsolidation 610 $acontact measurement 610 $acorrelation coefficients 610 $acorrosion 610 $acost 610 $acrash boxes 610 $acrashworthiness 610 $across wedge rolling 610 $acurved substrate 610 $acybernetics 610 $adangerous substance 610 $adeep learning 610 $adeep neural networks 610 $adelamination 610 $adelphi prospection 610 $aDeriche algorithm 610 $adesign 610 $adimensional and geometrical specification 610 $aDirective 2012/18/EU 610 $aDirective 89/391/EEC 610 $adrilling 610 $adry drilling 610 $adry machining 610 $aedge trimming 610 $aeducation 610 $aeducative model 610 $aemerging risk 610 $aemployment 610 $aend point detection 610 $aequipment and tooling 610 $aextrusion temperature 610 $afault diagnosis 610 $aFDM 610 $afeature-based modeling 610 $aFEM 610 $afinite element analysis 610 $aflanging 610 $aflat specimen 610 $aflexible manufacturing systems 610 $aFML 610 $aforce prediction 610 $aforce signal 610 $aforming 610 $afree-form filament fabrication (FFF) 610 $afriction 610 $afunctional performance 610 $afused deposition modeling 610 $afused filament fabrication 610 $agear manufacturing 610 $ageometric accuracy 610 $ageometrical parameters 610 $aGMAW 610 $agrinding process 610 $ahardness 610 $aheat affected zone 610 $aheat flux 610 $ahelium 610 $ahole making 610 $ahole quality characteristics 610 $ahole-flanging 610 $ahtTTT 610 $ahumidity 610 $ahybrid components stack 610 $ain-process measurement 610 $aInconel 718 610 $aincremental 610 $aincremental forming 610 $aincremental sheet forming 610 $aIndustry 4.0 610 $ainfill density 610 $ainspection planning 610 $aISO 45001:2018 standard 610 $ajob shop scheduling 610 $ajoining by forming 610 $alaser 610 $alaser beam machining 610 $alaser metal deposition 610 $alaser polishing 610 $alaser processing 610 $alayer height 610 $alayer orientation 610 $alinear accelerator 610 $alithography 610 $aLMD 610 $aLSND (low stress no distortion) 610 $alung tumor 610 $amachining 610 $amagnesium 610 $amagnetic resonance imaging 610 $amaintenance 610 $amaintenance management 610 $amajor accident 610 $amanufacturing 610 $amanufacturing industry 610 $amanufacturing problem solving (MPS) 610 $amanufacturing systems 610 $amanufacturing systems: machines 610 $amaterial color 610 $amechanical properties 610 $amedical devices 610 $amelt pool temperature 610 $ametallic powder 610 $ametrology and quality in manufacturing 610 $amicro-manufacturing 610 $amicrochannel 610 $amicrostructure 610 $amicrostructures 610 $amodel validation 610 $amodeling 610 $amulti-material microextrusion 610 $amultiobjective optimization 610 $amultitasking machines/multiprocess machines 610 $anear-net forming 610 $aNEXAFS 610 $anon-parametric tests 610 $anumerical model 610 $aoccupational accident 610 $aoptical measurement 610 $apallet mover accidents 610 $aparameters 610 $aparametric models 610 $aPCL 610 $aphase change 610 $apigmentation 610 $aPLA 610 $aplastic deformation 610 $aplastic flow kinetic theories 610 $apoint 610 $apolylactide (PLA) 610 $apolystyrene 610 $apore size 610 $aporosity 610 $apriority dispatching rules 610 $aprocess 610 $aprocess failure mode and effect analysis (PFMEA) 610 $aprocess specification 610 $aproduct lifecycle management (PLM) 610 $aproduct lifecycle management (PLM) technologies 610 $aproduction management 610 $aproduction planning 610 $apyrometer 610 $aRa 610 $aradiotherapy 610 $arapid prototyping 610 $arat 610 $arepair and maintenance operations 610 $areplicability 610 $aRepRap 610 $aresidual stress 610 $aresistance spot-welding 610 $arespiratory movement 610 $arisk assessment 610 $arisk management 610 $arisks 610 $arobot-assisted polishing 610 $aroughness 610 $aroughness average (Ra) 610 $aroughness model 610 $aroughness parameters 610 $asafety barriers 610 $ascaffold 610 $ascaffolds 610 $aSelective Laser Melting 610 $asemi-analytical model 610 $aservice-oriented manufacturing systems 610 $asheet metal forming 610 $ashielding gas 610 $asimulation 610 $asimulation optimization 610 $asingle 610 $aSingle Point Incremental Forming (SPIF) 610 $asmart factory 610 $asoft X-rays SXR 610 $aspare parts 610 $aspecific energy 610 $astack 610 $astepped shaft 610 $astock 610 $astrength of the joint in tension 610 $asurface extraction 610 $asurface integrity 610 $asurface roughness 610 $asurface texture 610 $asustainable and green manufacturing 610 $aSXR absorption spectroscopy 610 $aSynchrotron X-rays 610 $asynthetic polymer 610 $asystem dynamics 610 $ataper 610 $atapered roller bearings 610 $atemperature 610 $atemperature distribution 610 $atensile behaviour 610 $athermal input 610 $athermo fluidic 610 $athermocouple 610 $athermoplastics 610 $athickness distribution 610 $athin-wall plate 610 $athree-dimensional 610 $aTi6Al4V alloy 610 $atitanium 610 $atool wear 610 $atopological optimization 610 $atribology 610 $aturning 610 $aultimate tensile strength 610 $aultrasonic metal welding 610 $aultrasonic molding 610 $aUNS A92024 610 $aUNS A92024-T3 610 $aUNS A97075 610 $avariable cone angle billets 610 $aViable System Model 610 $aWAAM 610 $awaviness 610 $aWC-Co 610 $awear 610 $awear mechanism 610 $aWEDM 610 $awelding distortion 615 7$aHistory of engineering and technology 700 $aRubio$b Eva M$4edt$01302776 702 $aCamacho$b Ana M$4edt 702 $aRubio$b Eva M$4oth 702 $aCamacho$b Ana M$4oth 906 $aBOOK 912 $a9910557734503321 996 $aSpecial Issue of the Manufacturing Engineering Society (MES)$93029418 997 $aUNINA